| 000 | 00335nam a2200109Ia 4500 | ||
|---|---|---|---|
| 008 | 180205s9999 xx 000 0 und d | ||
| 020 | _a671461028 | ||
| 100 | _aWright, Louis B. | ||
| 245 |
_cLamar, Virginina A. _aThe merchant of venice / |
||
| 260 |
_aWashington square press _bSimon & Schuster of Canada _c1957 |
||
| 300 | _avii, 94 pages | ||
| 999 |
_c354741 _d354741 |
||